| 000 | nas a22 a 4500 | ||
|---|---|---|---|
| 999 |
_c4608 _d4608 |
||
| 003 | AKMAL | ||
| 005 | 20170605152046.0 | ||
| 008 | 170605c20119999my ar p 0 a|may | | ||
| 040 | _aAKMAL | ||
| 049 | 0 | 0 | _aAKMAL |
| 110 | 2 |
_aWilayah Persekutuan Kuala Lumpur _bKastam Diraja Malaysia _98875 |
|
| 245 | 0 | 0 | _aLaporan Tahunan Jabatan Kastam Diraja Malaysia Wilayah Persekutuan Kuala Lumpur |
| 260 | 3 |
_aKuala Lumpur: _bKastam Diraja Malaysia Wilayah Persekutuan Kuala Lumpur, _c2011- |
|
| 300 |
_aj.: _bil. wrn.; _c30cm |
||
| 310 | _aTahunan | ||
| 500 | _aHuraian berdasarkan: 2011- | ||
| 650 | 1 | 0 |
_aCustom administration _zWilayah Persekutuan _vPeriodicals _98864 |
| 650 | 2 | 0 |
_aHouse organs _zWilayah Persekutuan _vPeriodicals _98865 |
| 942 |
_2ddc _cPERIODICAL |
||